[Event "42nd Guernsey Open 2016"]
[Site "Vale GCI"]
[Date "2016.10.21"]
[Round "6"]
[White "Thurlow, Kevin J"]
[Black "Kraft, Karl Heinz"]
[Result "1-0"]
[WhiteElo "1974"]
[BlackElo "2044"]
[PlyCount "57"]
[EventDate "2016.10.16"]
[EventType "swiss"]
[EventRounds "7"]
[EventCountry "GCI"]

1. c4 f5 2. d4 d6 3. Nc3 Nf6 4. g3 g6 5. Bg2 Bg7 6. e3 O-O 7. Nge2 c6 8. O-O e5
9. b3 Qe7 10. dxe5 dxe5 11. Qc2 Na6 12. a3 Nh5 13. Bf3 Nf6 14. Bg2 g5 15. f4
gxf4 16. gxf4 e4 17. b4 Be6 18. Nd4 Rad8 19. Re1 Ng4 20. h3 Rxd4 21. hxg4 Qh4
22. Bb2 fxg4 23. Bf1 Rxf4 24. exf4 Rd3 25. Nxe4 g3 26. Bxd3 Qh2+ 27. Qxh2 gxh2+
28. Kxh2 Bxb2 29. Ra2 1-0

[Event "42nd Guernsey Open 2016"]
[Site "Vale GCI"]
[Date "2016.10.21"]
[Round "6"]
[White "Rosen, Daniel B"]
[Black "Lehmann, Stefan"]
[Result "1/2-1/2"]
[WhiteElo "2034"]
[BlackElo "1970"]
[PlyCount "52"]
[EventDate "2016.10.16"]
[EventType "swiss"]
[EventRounds "7"]
[EventCountry "GCI"]

1. e4 e5 2. Nf3 Nc6 3. Bb5 a6 4. Ba4 Nf6 5. d3 b5 6. Bb3 Bc5 7. O-O d6 8. Be3
Bxe3 9. fxe3 Na5 10. Nc3 Nxb3 11. axb3 Bb7 12. Qe1 g6 13. Qh4 Nh5 14. Qh3 Qd7
15. Qxd7+ Kxd7 16. g4 Ng7 17. Nd2 f5 18. Rf2 Raf8 19. Raf1 Rhg8 20. h3 Ke7 21.
exf5 gxf5 22. Kh2 fxg4 23. hxg4 Rxf2+ 24. Rxf2 Ne6 25. Kh3 Rg6 26. Rh2 Rh6+
1/2-1/2

[Event "42nd Guernsey Open 2016"]
[Site "Vale GCI"]
[Date "2016.10.21"]
[Round "6"]
[White "Campbell, Ian"]
[Black "Norman, Kenneth I"]
[Result "0-1"]
[WhiteElo "1985"]
[BlackElo "2147"]
[PlyCount "82"]
[EventDate "2016.10.16"]
[EventType "swiss"]
[EventRounds "7"]
[EventCountry "GCI"]

1. Nf3 Nf6 2. b3 g6 3. Bb2 Bg7 4. e3 O-O 5. Be2 c5 6. c4 b6 7. O-O Bb7 8. Qc2
Nc6 9. a3 Rc8 10. d3 d6 11. Nc3 e5 12. Rad1 d5 13. cxd5 Nxd5 14. Rd2 Nd4 15.
Qd1 Nxc3 16. Bxc3 Nxe2+ 17. Qxe2 Qe7 18. e4 Rfd8 19. Rfd1 Qe6 20. Rb2 Rd7 21.
Qe3 Ba6 22. g3 Rcd8 23. Ne1 Qh3 24. Rbb1 Bh6 25. Qf3 Qe6 26. h4 Bg7 27. g4 Qe7
28. Qg3 Kh8 29. a4 f5 30. exf5 gxf5 31. g5 e4 32. Bxg7+ Kxg7 33. Qf4 Qe6 34. b4
exd3 35. Nf3 Qe4 36. Qg3 c4 37. b5 Bb7 38. Qe5+ Qxe5 39. Nxe5 c3 40. Nxd7 Rxd7
41. Rbc1 Bf3 0-1

[Event "42nd Guernsey Open 2016"]
[Site "Vale GCI"]
[Date "2016.10.21"]
[Round "6"]
[White "Rowe, Peter"]
[Black "Maloberti, David"]
[Result "1/2-1/2"]
[WhiteElo "1964"]
[BlackElo "2123"]
[PlyCount "97"]
[EventDate "2016.10.16"]
[EventType "swiss"]
[EventRounds "7"]
[EventCountry "GCI"]

1. d4 Nf6 2. Nf3 g6 3. Bf4 Bg7 4. e3 d6 5. h3 O-O 6. Be2 Nc6 7. O-O Qe8 8. Bh2
e5 9. c4 e4 10. Nfd2 Nd7 11. Nc3 f5 12. c5 dxc5 13. Nd5 cxd4 14. Nxc7 Qe7 15.
Bc4+ Kh8 16. Nxa8 Be5 17. Bxe5+ Qxe5 18. exd4 Qb8 19. d5 Nce5 20. Qc2 Qxa8 21.
Qc3 Kg8 22. f4 Nf7 23. d6 Qb8 24. Bxf7+ Rxf7 25. Nc4 Rf8 26. Rfd1 b5 27. Ne5
Qb6+ 28. Qd4 Nxe5 29. Qxb6 axb6 30. fxe5 Bd7 31. Rac1 Kf7 32. Rc7 Ke6 33. b3
Rd8 34. Rb7 Kxe5 35. Rxb6 f4 36. a4 bxa4 37. bxa4 Bxa4 38. Ra1 Bd7 39. Rc1 g5
40. Rc5+ Kf6 41. Rb4 e3 42. Re4 Bf5 43. Ree5 Be6 44. Rxg5 Rxd6 45. Kf1 Rb6 46.
Rh5 Rb1+ 47. Ke2 Rb2+ 48. Kf1 Rb1+ 49. Ke2 1/2-1/2

[Event "42nd Guernsey Open 2016"]
[Site "Vale GCI"]
[Date "2016.10.21"]
[Round "6"]
[White "Sedgwick, David R"]
[Black "Collier, David O"]
[Result "1/2-1/2"]
[WhiteElo "1970"]
[BlackElo "2024"]
[PlyCount "110"]
[EventDate "2016.10.16"]
[EventType "swiss"]
[EventRounds "7"]
[EventCountry "GCI"]

1. e4 c5 2. c3 d6 3. d4 Nf6 4. Bd3 e5 5. dxe5 dxe5 6. Nf3 Nbd7 7. Na3 Be7 8.
O-O O-O 9. Nc4 Qc7 10. Bg5 Re8 11. Rc1 b5 12. Ne3 c4 13. Bb1 Bb7 14. Nf5 Bf8
15. Qe2 Qc6 16. Bxf6 Nxf6 17. Ng3 g6 18. Rcd1 Qc7 19. h4 Rad8 20. Rxd8 Rxd8 21.
Rd1 Rxd1+ 22. Qxd1 Qd6 23. Qxd6 Bxd6 24. Bc2 Nd7 25. b4 cxb3 26. Bxb3 Nc5 27.
Bc2 f6 28. Nd2 Bc6 29. f3 Kf8 30. Ngf1 Ne6 31. g3 Bc5+ 32. Kg2 Ke7 33. Nb3 Bb6
34. Nfd2 a5 35. Kf1 a4 36. Nc1 Ba5 37. Nb1 Nc5 38. Nd3 Nxd3 39. Bxd3 Kd6 40.
Ke2 b4 41. cxb4 Bxb4 42. Bc4 Kc5 43. Bg8 Bb5+ 44. Kd1 Bc4 45. Bxh7 Bxa2 46. Kc2
Bf7 47. Nc3 Bxc3 48. Kxc3 a3 49. f4 a2 50. Kb2 Kd4 51. f5 gxf5 52. Bxf5 Ke3 53.
g4 Kf4 54. h5 Kg5 55. Ka1 Bg8 1/2-1/2

[Event "42nd Guernsey Open 2016"]
[Site "Vale GCI"]
[Date "2016.10.21"]
[Round "6"]
[White "Marley, Andrew SG"]
[Black "Goris, Ton"]
[Result "1-0"]
[WhiteElo "1957"]
[BlackElo "2005"]
[PlyCount "133"]
[EventDate "2016.10.16"]
[EventType "swiss"]
[EventRounds "7"]
[EventCountry "GCI"]

1. d4 e6 2. Nf3 Nf6 3. c4 c5 4. d5 exd5 5. cxd5 d6 6. Nc3 g6 7. g3 Bg7 8. Bg2
O-O 9. O-O a6 10. a4 Re8 11. Nd2 Nbd7 12. Nc4 Ne5 13. Na3 Nh5 14. Bd2 b6 15.
Rb1 Rb8 16. b4 Bd7 17. bxc5 bxc5 18. Qc2 Qc7 19. h3 f5 20. f4 Nf7 21. Kh2 Nf6
22. Nc4 Rb4 23. Qa2 Reb8 24. Bf3 Ne8 25. e3 Bxc3 26. Bxc3 Rxb1 27. Rxb1 Rxb1
28. Qxb1 Bxa4 29. g4 Bb5 30. Na5 fxg4 31. Bxg4 Nd8 32. Qe4 Qf7 33. Nc6 Bxc6 34.
dxc6 Nc7 35. Bd7 Nb5 36. Be1 d5 37. Qe5 d4 38. Bh4 Qa2+ 39. Kg3 Nf7 40. Be6 Qe2
41. c7 Nxc7 42. Bxf7+ Kxf7 43. Qxc7+ Kg8 44. Qd8+ Kf7 45. Qe7+ Kg8 46. Qe6+ Kg7
47. Bf6+ Kh6 48. Bg5+ Kg7 49. Qe7+ Kg8 50. Qe6+ Kg7 51. Bf6+ Kh6 52. Bg5+ Kg7
53. Qe5+ Kg8 54. Bh6 Qe1+ 55. Kg4 Qe2+ 56. Kh4 Qf2+ 57. Kg5 Qg2+ 58. Kh4 Qf2+
59. Kg5 Qg2+ 60. Kf6 Qc6+ 61. Ke7 Qb7+ 62. Kd6 Qb8+ 63. Kxc5 Qxe5+ 64. fxe5
dxe3 65. Bxe3 Kf7 66. Kd6 a5 67. Kd7 1-0

[Event "42nd Guernsey Open 2016"]
[Site "Vale GCI"]
[Date "2016.10.21"]
[Round "6"]
[White "Staples, Maurice J"]
[Black "Hoogland, Rob"]
[Result "1/2-1/2"]
[WhiteElo "1994"]
[BlackElo "1813"]
[PlyCount "136"]
[EventDate "2016.10.16"]
[EventType "swiss"]
[EventRounds "7"]
[EventCountry "GCI"]

1. e4 c5 2. Nf3 g6 3. d4 cxd4 4. Nxd4 Nc6 5. Bc4 Nf6 6. Nc3 Bg7 7. Nxc6 bxc6 8.
e5 Ng4 9. Qxg4 d5 10. Qf3 dxc4 11. Qxc6+ Bd7 12. Qe4 O-O 13. O-O Bf5 14. Qe2
Qd4 15. Re1 Rab8 16. Nd1 Rb5 17. Be3 Qxe5 18. Bxa7 Bxc2 19. Qxe5 Rxe5 20. Ne3
Bd3 21. Bd4 Rb5 22. Bxg7 Kxg7 23. Rac1 Rxb2 24. Nxc4 Rxa2 25. Ne5 Bf5 26. Rc7
Re8 27. h3 Kf8 28. Nd7+ Bxd7 29. Rxd7 g5 30. g3 Ra5 31. Kg2 h5 32. Re3 Rf5 33.
Re4 Ra5 34. Rc7 e6 35. Rec4 Kg7 36. R7c5 Rxc5 37. Rxc5 Kg6 38. Rc4 Rd8 39. Rc5
Rd4 40. Ra5 Rb4 41. Rc5 h4 42. Ra5 hxg3 43. Kxg3 Rf4 44. Rb5 Rf5 45. Rb6 Rd5
46. Rb4 Rd3+ 47. Kg2 f5 48. Ra4 Rd8 49. Rb4 Re8 50. Rb6 Kf7 51. Ra6 e5 52. Kg3
Re6 53. Ra7+ Kf6 54. Ra8 e4 55. Rf8+ Kg6 56. Rg8+ Kh6 57. Rf8 f4+ 58. Kg4 e3
59. fxe3 fxe3 60. Rf1 e2 61. Re1 Re4+ 62. Kf3 Rf4+ 63. Kg3 Re4 64. Kf3 Re7 65.
Rxe2 Rxe2 66. Kxe2 Kh5 67. Kf3 Kh4 68. Kg2 g4 1/2-1/2

[Event "42nd Guernsey Open 2016"]
[Site "Vale GCI"]
[Date "2016.10.21"]
[Round "6"]
[White "Prins, Jan H"]
[Black "Hawkins, James NH"]
[Result "1/2-1/2"]
[WhiteElo "2078"]
[BlackElo "1944"]
[PlyCount "90"]
[EventDate "2016.10.16"]
[EventType "swiss"]
[EventRounds "7"]
[EventCountry "GCI"]

1. d4 Nf6 2. Nf3 e6 3. g3 b6 4. Bg2 Bb7 5. O-O Be7 6. c4 O-O 7. Nc3 Ne4 8. Qd3
Nxc3 9. Qxc3 d6 10. b4 a5 11. a3 Nd7 12. Bb2 Bf6 13. Rfd1 Qe7 14. Qc2 axb4 15.
axb4 c5 16. dxc5 bxc5 17. Bxf6 Nxf6 18. b5 Qc7 19. Qb2 Qb6 20. h3 h6 21. g4
Rxa1 22. Rxa1 Ra8 23. Ra3 Rxa3 24. Qxa3 Kf8 25. e3 Ke7 26. Nd2 Bxg2 27. Kxg2
Qb7+ 28. f3 Nd7 29. Kf2 Nb6 30. h4 Qa8 31. Qb2 f6 32. g5 Qa4 33. gxh6 gxh6 34.
Qb1 f5 35. Qb2 Kf7 36. h5 e5 37. Qb1 Kf6 38. f4 exf4 39. Qb2+ Kf7 40. exf4 Nxc4
41. Nxc4 Qxc4 42. b6 Qxf4+ 43. Kg1 Qg3+ 44. Kf1 Qf3+ 45. Ke1 Qe3+ 1/2-1/2

[Event "42nd Guernsey Open 2016"]
[Site "Vale GCI"]
[Date "2016.10.21"]
[Round "6"]
[White "Havenaar, Jan"]
[Black "Fassaert, Desire JM"]
[Result "1/2-1/2"]
[WhiteElo "2071"]
[BlackElo "1919"]
[PlyCount "40"]
[EventDate "2016.10.16"]
[EventType "swiss"]
[EventRounds "7"]
[EventCountry "GCI"]

1. e4 c6 2. Nc3 d5 3. Nf3 Bg4 4. h3 Bxf3 5. Qxf3 e6 6. Qg3 Nd7 7. d3 g6 8. Bd2
Bg7 9. O-O-O Qb6 10. f4 O-O-O 11. f5 d4 12. Ne2 exf5 13. exf5 Ne7 14. fxg6 fxg6
15. Qe1 Rde8 16. c4 Nf5 17. Kb1 Qc5 18. g4 Ne3 19. Bxe3 Rxe3 20. Qd2 Rhe8
1/2-1/2

[Event "42nd Guernsey Open 2016"]
[Site "Vale GCI"]
[Date "2016.10.21"]
[Round "6"]
[White "Brookfield, Toby"]
[Black "Taylor, Mark V"]
[Result "1/2-1/2"]
[WhiteElo "1906"]
[BlackElo "2031"]
[PlyCount "62"]
[EventDate "2016.10.16"]
[EventType "swiss"]
[EventRounds "7"]
[EventCountry "GCI"]

1. e4 e6 2. d4 b6 3. Nc3 Bb7 4. Nf3 Bb4 5. Bd3 Nf6 6. Qe2 d6 7. O-O Nbd7 8. a3
Bxc3 9. bxc3 e5 10. Bg5 h6 11. Bh4 Qe7 12. Rfe1 O-O 13. Bg3 Rfe8 14. d5 Nc5 15.
Qd2 Kh7 16. Nh4 g6 17. Re2 Bc8 18. h3 Nh5 19. Rf1 Qg5 20. Qxg5 hxg5 21. Nf3 f6
22. Bh2 Bd7 23. Nd2 Kg7 24. Rb1 Na4 25. Rb3 Nc5 26. Rb1 Ba4 27. Nc4 Rf8 28. Ne3
Bd7 29. f3 Nf4 30. Rd2 Na4 31. Rb3 Nc5 1/2-1/2

[Event "42nd Guernsey Open 2016"]
[Site "Vale GCI"]
[Date "2016.10.21"]
[Round "6"]
[White "Wager, John D"]
[Black "Magnussen, Pal"]
[Result "1-0"]
[WhiteElo "2027"]
[BlackElo "1926"]
[PlyCount "55"]
[EventDate "2016.10.16"]
[EventType "swiss"]
[EventRounds "7"]
[EventCountry "GCI"]

1. d4 Nf6 2. Nf3 c5 3. d5 g6 4. g3 d6 5. Bg2 Bg7 6. O-O b5 7. a4 b4 8. c4 O-O
9. Nbd2 Bf5 10. Nh4 Bd7 11. e4 Qc8 12. f4 Bg4 13. Qe1 Bh3 14. e5 Nh5 15. Ndf3
Bxg2 16. Kxg2 f5 17. b3 dxe5 18. fxe5 f4 19. Ra2 fxg3 20. hxg3 Qg4 21. Re2 Nf4+
22. Bxf4 Rxf4 23. Nh2 Rxf1 24. Qxf1 Qd4 25. N4f3 Qc3 26. Ng5 Nd7 27. Qf7+ Kh8
28. Qe6 1-0

[Event "42nd Guernsey Open 2016"]
[Site "Vale GCI"]
[Date "2016.10.21"]
[Round "6"]
[White "Markering, Martin"]
[Black "French, Max"]
[Result "0-1"]
[WhiteElo "1922"]
[BlackElo "1983"]
[PlyCount "86"]
[EventDate "2016.10.16"]
[EventType "swiss"]
[EventRounds "7"]
[EventCountry "GCI"]

1. d4 Nf6 2. Bg5 c5 3. Nc3 cxd4 4. Qxd4 Nc6 5. Qd2 e6 6. a3 Be7 7. Nf3 Qb6 8.
Rb1 d5 9. e3 O-O 10. Bf4 Ne4 11. Nxe4 dxe4 12. Ng5 e5 13. Nxe4 exf4 14. exf4
Bxa3 15. Bd3 Re8 16. O-O Bf8 17. Rfe1 Bf5 18. Nf6+ gxf6 19. Bxf5 Qa5 20. Qxa5
Nxa5 21. Rf1 Nc4 22. Rfd1 Rad8 23. Bd3 Nb6 24. Ra1 Nc8 25. Ra5 Kg7 26. Rh5 h6
27. Ra1 a6 28. Rh3 Nd6 29. g4 Ne4 30. Ra5 Nc5 31. Bf5 Rd1+ 32. Kg2 b6 33. Raa3
Ree1 34. b4 Ne6 35. Bxe6 Rxe6 36. Rxa6 Bxb4 37. f5 Re2 38. Rxb6 Bc5 39. Rc6
Rxf2+ 40. Kg3 Rg1+ 41. Kh4 Rf4 42. Rxc5 Rgxg4+ 43. Kh5 Rg5# 0-1

[Event "42nd Guernsey Open 2016"]
[Site "Vale GCI"]
[Date "2016.10.21"]
[Round "6"]
[White "Boldt, Heinrich"]
[Black "Spanton, Timothy R"]
[Result "1/2-1/2"]
[WhiteElo "1874"]
[BlackElo "1969"]
[PlyCount "62"]
[EventDate "2016.10.16"]
[EventType "swiss"]
[EventRounds "7"]
[EventCountry "GCI"]

1. d4 d5 2. Nf3 Nc6 3. Bf4 Bg4 4. e3 e6 5. h3 Bh5 6. c4 Bd6 7. Bxd6 Qxd6 8. c5
Qe7 9. Be2 Nf6 10. O-O O-O 11. Nh2 Bxe2 12. Qxe2 e5 13. dxe5 Nxe5 14. Rc1 Rfd8
15. Nd2 a5 16. Nhf3 Nc6 17. Qb5 Nb4 18. a3 c6 19. Qf1 Na6 20. Nb3 a4 21. Na5
Ne4 22. Nd4 Nexc5 23. Naxc6 bxc6 24. Nxc6 Qf6 25. Nxd8 Rxd8 26. Qb5 Nb3 27. Rc6
Qxb2 28. Rd1 Nb8 29. Rxd5 Rf8 30. Rcd6 Qc1+ 31. Kh2 g6 1/2-1/2

[Event "42nd Guernsey Open 2016"]
[Site "Vale GCI"]
[Date "2016.10.21"]
[Round "6"]
[White "Ippel, Cornelius J"]
[Black "Morcom, Huw"]
[Result "1-0"]
[WhiteElo "1720"]
[BlackElo "1961"]
[PlyCount "97"]
[EventDate "2016.10.16"]
[EventType "swiss"]
[EventRounds "7"]
[EventCountry "GCI"]

1. Nc3 c6 2. e4 g6 3. d4 Bg7 4. Nf3 d6 5. Be3 Nf6 6. h3 O-O 7. Qd2 b5 8. Bd3
Re8 9. Ne2 Nbd7 10. c3 Bb7 11. Ng3 a6 12. O-O Qc7 13. Nh4 c5 14. f4 e5 15. d5
c4 16. Bc2 exf4 17. Bxf4 Ne5 18. Bg5 Nfd7 19. Bh6 Bh8 20. Rf2 Qd8 21. Nf3 f6
22. Be3 Rf8 23. Nd4 Rf7 24. Ne6 Qe7 25. Raf1 Nf8 26. Nd4 Re8 27. Bh6 Bc8 28.
Nge2 Nd3 29. Bxd3 cxd3 30. Ng3 Bg7 31. Bxg7 Kxg7 32. Qxd3 Bd7 33. Nf3 h6 34.
Re1 Qd8 35. Kh2 Qb6 36. Rfe2 Rfe7 37. Nf1 Rc8 38. N1d2 Be8 39. Nd4 b4 40. c4
Nd7 41. Ne6+ Kh7 42. Nf3 Ne5 43. Nxe5 fxe5 44. b3 Bf7 45. Rf1 Bxe6 46. dxe6
Rxe6 47. Rf7+ Kg8 48. Ref2 Rc7 49. Qf3 1-0

[Event "42nd Guernsey Open 2016"]
[Site "Vale GCI"]
[Date "2016.10.21"]
[Round "6"]
[White "Canonne, Antoine"]
[Black "Bakker, Joop"]
[Result "0-1"]
[WhiteElo "1928"]
[BlackElo "1868"]
[PlyCount "72"]
[EventDate "2016.10.16"]
[EventType "swiss"]
[EventRounds "7"]
[EventCountry "GCI"]

1. e4 d5 2. exd5 Qxd5 3. Nc3 Qa5 4. Bc4 Nf6 5. d3 Bg4 6. f3 Bf5 7. Bd2 c6 8.
Qe2 e6 9. g4 Bg6 10. h4 h5 11. g5 Nfd7 12. Nd5 Qd8 13. Nf4 Bf5 14. g6 Bxg6 15.
Nxg6 fxg6 16. Bxe6 Be7 17. Qe4 Nf8 18. O-O-O Nxe6 19. Qxe6 Qd6 20. Qc8+ Qd8 21.
Qxb7 Nd7 22. Qxc6 O-O 23. Qxg6 Bf6 24. Bc3 Bxc3 25. bxc3 Qe7 26. Qe4 Qa3+ 27.
Kd2 Nb6 28. Rh3 Qd6 29. Ne2 Rae8 30. Qd4 Rxe2+ 31. Kxe2 Qe6+ 32. Qe4 Qxh3 33.
Re1 Qg2+ 34. Ke3 Qxc2 35. Qe6+ Kh8 36. Qe7 Nd5+ 0-1

[Event "42nd Guernsey Open 2016"]
[Site "Vale GCI"]
[Date "2016.10.21"]
[Round "6"]
[White "Hickman, John E"]
[Black "Frijling, Jeroen"]
[Result "0-1"]
[WhiteElo "1926"]
[BlackElo "1778"]
[PlyCount "86"]
[EventDate "2016.10.16"]
[EventType "swiss"]
[EventRounds "7"]
[EventCountry "GCI"]

1. Nf3 d5 2. g3 c5 3. Bg2 Nc6 4. O-O e5 5. d3 Nf6 6. Nbd2 Be7 7. e4 d4 8. a4
O-O 9. Nc4 Qc7 10. h3 Bd7 11. Nfd2 Ne8 12. f4 f6 13. f5 Nd6 14. g4 b6 15. Nxd6
Bxd6 16. h4 Kh8 17. g5 a6 18. Qh5 Rg8 19. Nc4 Bf8 20. gxf6 gxf6 21. Qf7 Be7 22.
a5 b5 23. Nb6 Raf8 24. Qd5 Be8 25. Bd2 Rg4 26. Qe6 Bf7 27. Qd7 Qxd7 28. Nxd7
Rfg8 29. Rf2 Rxh4 30. Nb6 c4 31. Nd5 Bd8 32. Kf1 Rhg4 33. Be1 h5 34. Bf3 Rg1+
35. Ke2 R8g5 36. Rh2 Bxd5 37. exd5 Nb4 38. Bxh5 Nxc2 39. Bg6+ Kg8 40. Rc1 cxd3+
41. Kf2 Rxe1 42. Rxe1 Nxe1 43. Kxe1 Bxa5+ 0-1

[Event "42nd Guernsey Open 2016"]
[Site "Vale GCI"]
[Date "2016.10.21"]
[Round "6"]
[White "Gravett, Alan D"]
[Black "Murray, J Stephen"]
[Result "1/2-1/2"]
[WhiteElo "1844"]
[BlackElo "1795"]
[PlyCount "23"]
[EventDate "2016.10.16"]
[EventType "swiss"]
[EventRounds "7"]
[EventCountry "GCI"]

1. Nf3 Nf6 2. c4 d5 3. cxd5 Nxd5 4. g3 c6 5. Bg2 g6 6. O-O Bg7 7. d4 O-O 8. Nc3
Nxc3 9. bxc3 Nd7 10. Rb1 Qa5 11. Qb3 Nb6 12. Qa3 1/2-1/2

[Event "42nd Guernsey Open 2016"]
[Site "Vale GCI"]
[Date "2016.10.21"]
[Round "6"]
[White "Von Saldern, Ruediger"]
[Black "Downey, Keith"]
[Result "1-0"]
[WhiteElo "1914"]
[BlackElo "1829"]
[PlyCount "119"]
[EventDate "2016.10.16"]
[EventType "swiss"]
[EventRounds "7"]
[EventCountry "GCI"]

1. d4 Nf6 2. Nf3 e6 3. c4 b6 4. Nc3 Bb4 5. Bg5 Bb7 6. e3 h6 7. Bh4 g5 8. Bg3
Ne4 9. Qc2 Bxc3+ 10. bxc3 d6 11. Bd3 Nxg3 12. hxg3 Nd7 13. Be4 d5 14. cxd5 f5
15. Bd3 Bxd5 16. Ba6 g4 17. Nh4 Rb8 18. O-O Qg5 19. Qa4 Ke7 20. Qa3+ Kf7 21. c4
Ba8 22. d5 Nc5 23. Rad1 Rbd8 24. Bb5 a5 25. dxe6+ Kxe6 26. Ba4 Be4 27. Rd4 Kf7
28. Bb3 Kg7 29. Qb2 Kh7 30. Bc2 h5 31. Bxe4 Nxe4 32. Qb5 Nd6 33. Qc6 Qe7 34. c5
bxc5 35. Qxc5 Rhf8 36. Qxa5 Ra8 37. Qd2 Rf7 38. Qc2 Qe6 39. a4 Ra5 40. Qc6 Qe5
41. Rc1 Kg7 42. Rc2 Kh7 43. Rf4 Qa1+ 44. Kh2 Qe5 45. Rd4 Kg7 46. Rc1 Kh7 47.
Qc2 Kg7 48. Qb3 Re7 49. Qb8 Rc5 50. Rb1 Rc2 51. Rf4 Re8 52. Qa7 Rc5 53. Rb8
Rxb8 54. Qxb8 Rc1 55. Rd4 Qc5 56. Qd8 Qc2 57. Qe7+ Kg8 58. Qe6+ Kg7 59. Rxd6
cxd6 60. Nxf5+ 1-0

[Event "42nd Guernsey Open 2016"]
[Site "Vale GCI"]
[Date "2016.10.22"]
[Round "7"]
[White "Abbas, Daniel"]
[Black "Hillarp Persson, Tiger"]
[Result "1/2-1/2"]
[WhiteElo "2294"]
[BlackElo "2513"]
[PlyCount "78"]
[EventDate "2016.10.16"]
[EventType "swiss"]
[EventRounds "7"]
[EventCountry "GCI"]

1. e4 c5 2. Nf3 d6 3. Bb5+ Nd7 4. c3 Ngf6 5. Qe2 a6 6. Ba4 g6 7. O-O Bg7 8. d4
b5 9. Bc2 cxd4 10. cxd4 Bb7 11. a4 O-O 12. Re1 Qc7 13. Bd3 b4 14. a5 e5 15.
dxe5 dxe5 16. Bd2 Nc5 17. Bxb4 Nxd3 18. Qxd3 Rfd8 19. Qc3 Qd7 20. Nbd2 Rac8 21.
Qb3 Qb5 22. Qa4 Qxa4 23. Rxa4 Nd7 24. Bc3 Bc6 25. Rc4 Bb5 26. Rxc8 Rxc8 27. Nf1
Nc5 28. Ne3 f6 29. Nd2 Nd3 30. Rd1 Bf8 31. Ndf1 Kf7 32. Nd5 f5 33. Nb6 Rc7 34.
exf5 gxf5 35. Ne3 Ke6 36. Nbd5 Rd7 37. Nb6 Rc7 38. Nbd5 Rd7 39. Nb6 Rc7 1/2-1/2

[Event "42nd Guernsey Open 2016"]
[Site "Vale GCI"]
[Date "2016.10.22"]
[Round "7"]
[White "Korneev, Oleg"]
[Black "Le Roux, Jean Pierre"]
[Result "0-1"]
[WhiteElo "2581"]
[BlackElo "2549"]
[PlyCount "138"]
[EventDate "2016.10.16"]
[EventType "swiss"]
[EventRounds "7"]
[EventCountry "GCI"]

1. e4 c6 2. d4 d5 3. Nc3 dxe4 4. Nxe4 Bf5 5. Ng3 Bg6 6. h4 h6 7. Nf3 Nd7 8. h5
Bh7 9. Bd3 Bxd3 10. Qxd3 e6 11. Bd2 Qc7 12. O-O-O O-O-O 13. Qe2 Bd6 14. Ne4 Bf4
15. g3 Bxd2+ 16. Nexd2 Ne7 17. Ne5 Rhf8 18. f4 Nf5 19. Ne4 Nf6 20. Rhg1 Rxd4
21. Rxd4 Nxd4 22. Qe3 Rd8 23. Rd1 Nxe4 24. Qxe4 Nf5 25. Rxd8+ Kxd8 26. g4 Nd6
27. Qd4 f6 28. Nd3 b6 29. b4 Ke7 30. a4 Nf7 31. Qc4 Qd7 32. a5 Nd6 33. Qd4 Qc7
34. axb6 axb6 35. Qa1 Nf7 36. Qd4 Nd6 37. Qa1 c5 38. bxc5 bxc5 39. Qa8 Qb6 40.
Qg8 c4 41. Qxg7+ Nf7 42. g5 hxg5 43. fxg5 fxg5 44. Nb2 Qe3+ 45. Kb1 Qe1+ 46.
Ka2 Qe5 47. h6 Qxg7 48. hxg7 Nh6 49. Nxc4 Kf6 50. Ne3 Kxg7 51. c4 Kf6 52. Kb3
Ke5 53. c5 Nf5 54. Ng2 Ke4 55. Kc4 Nd4 56. Kc3 e5 57. Kd2 Nb3+ 58. Ke2 Nxc5 59.
Ne3 Nd7 60. Kf2 Nf6 61. Nc4 Kf4 62. Ke2 Nd5 63. Nd2 g4 64. Nb3 g3 65. Nc5 Nc3+
66. Ke1 Ke3 67. Kf1 Kf3 68. Nd3 g2+ 69. Kg1 Ne2+ 0-1

[Event "42nd Guernsey Open 2016"]
[Site "Vale GCI"]
[Date "2016.10.22"]
[Round "7"]
[White "Parligras, Cosmin"]
[Black "Purdon, Colin"]
[Result "1-0"]
[WhiteElo "2263"]
[BlackElo "2053"]
[PlyCount "133"]
[EventDate "2016.10.16"]
[EventType "swiss"]
[EventRounds "7"]
[EventCountry "GCI"]

1. Nf3 d5 2. g3 Nf6 3. Bg2 Bg4 4. d4 Nbd7 5. Nbd2 e6 6. O-O Bd6 7. b3 c6 8. Bb2
Qc7 9. Re1 O-O 10. e4 dxe4 11. Nxe4 Nxe4 12. Rxe4 Nf6 13. Re1 Qa5 14. h3 Bh5
15. Qd3 Bg6 16. Qe2 Bb4 17. Rec1 Bc3 18. Bxc3 Qxc3 19. Qd2 Qxd2 20. Nxd2 Rad8
21. Nf3 Be4 22. c3 Rd6 23. Re1 Rfd8 24. Rac1 h6 25. Re3 Kf8 26. Rce1 Bd5 27.
Bf1 Rc8 28. Ne5 c5 29. dxc5 Rxc5 30. c4 Bc6 31. b4 Rxe5 32. Rxe5 Rd2 33. a3 Ra2
34. R5e3 a6 35. Bg2 Bxg2 36. Kxg2 Rc2 37. c5 Nd5 38. Rd3 g6 39. h4 a5 40. bxa5
Rxc5 41. Rb1 Rxa5 42. Rxb7 Kg7 43. Kf1 g5 44. hxg5 hxg5 45. Ke2 Kg6 46. Kd2 f5
47. Kc2 f4 48. Kb3 Kf5 49. Rd2 fxg3 50. fxg3 Kg4 51. Rd3 e5 52. Kc4 Nf6 53. Rb5
Ra4+ 54. Kb3 Re4 55. Rb4 Rxb4+ 56. Kxb4 e4 57. Rd6 Nh5 58. Re6 Nxg3 59. a4 Kf3
60. a5 e3 61. a6 Ne4 62. a7 e2 63. Rxe4 Kxe4 64. a8=Q+ Ke3 65. Qh1 Kd2 66. Qd5+
Kc2 67. Qb3+ 1-0

[Event "42nd Guernsey Open 2016"]
[Site "Vale GCI"]
[Date "2016.10.22"]
[Round "7"]
[White "Hewson, Brian Wr"]
[Black "Hoogland, Dirk"]
[Result "1-0"]
[WhiteElo "2068"]
[BlackElo "2139"]
[PlyCount "55"]
[EventDate "2016.10.16"]
[EventType "swiss"]
[EventRounds "7"]
[EventCountry "GCI"]

1. d4 Nf6 2. Nf3 e6 3. c4 Bb4+ 4. Bd2 a5 5. a3 Bxd2+ 6. Nbxd2 d5 7. Qc2 Nc6 8.
e3 O-O 9. Bd3 h6 10. O-O Re8 11. Rfd1 Kh8 12. Ne5 Nxe5 13. dxe5 Nd7 14. Nf3 a4
15. cxd5 exd5 16. Bb5 c6 17. Bxa4 Nxe5 18. Nxe5 Rxe5 19. Qc3 Qd6 20. Bc2 Rh5
21. g3 Rh3 22. Qb4 c5 23. Qe4 dxe4 24. Rxd6 Be6 25. Bxe4 Rb8 26. Bf3 g5 27.
Rxe6 fxe6 28. Bg4 1-0

[Event "42nd Guernsey Open 2016"]
[Site "Vale GCI"]
[Date "2016.10.22"]
[Round "7"]
[White "Reijneveld, Ad"]
[Black "Tunge, Christian"]
[Result "1/2-1/2"]
[WhiteElo "2092"]
[BlackElo "2018"]
[PlyCount "30"]
[EventDate "2016.10.16"]
[EventType "swiss"]
[EventRounds "7"]
[EventCountry "GCI"]

1. e4 c5 2. Nf3 d6 3. Bb5+ Nc6 4. Bxc6+ bxc6 5. h3 Nf6 6. Qe2 e5 7. d3 Be7 8.
b3 h6 9. Be3 Be6 10. Nc3 Nh7 11. Bd2 Ng5 12. Nh2 Nh7 13. Nf3 Ng5 14. Nh2 Nh7
15. Nf3 Ng5 1/2-1/2

[Event "42nd Guernsey Open 2016"]
[Site "Vale GCI"]
[Date "2016.10.22"]
[Round "7"]
[White "Dilleigh, Stephen P"]
[Black "Okhai, Shabir"]
[Result "0-1"]
[WhiteElo "2004"]
[BlackElo "2072"]
[PlyCount "60"]
[EventDate "2016.10.16"]
[EventType "swiss"]
[EventRounds "7"]
[EventCountry "GCI"]

1. Nf3 d5 2. d4 Nf6 3. c4 e6 4. Nc3 Nbd7 5. cxd5 exd5 6. Bf4 a6 7. e3 Be7 8.
Bd3 c5 9. dxc5 Nxc5 10. h3 Nxd3+ 11. Qxd3 Be6 12. O-O O-O 13. Rfd1 Qa5 14. a3
Rac8 15. Nd4 Qc5 16. Rac1 Qa7 17. Nf5 Bd8 18. Nxd5 Rxc1 19. Nde7+ Kh8 20. Rxc1
Qb6 21. Be5 Re8 22. Bxf6 gxf6 23. Nc8 Qxb2 24. Rc5 b6 25. Nfd6 Rg8 26. Rh5 f5
27. Nxf5 Bxc8 28. Nd4 Qc1+ 29. Kh2 Qc7+ 30. f4 Rg7 0-1

[Event "42nd Guernsey Open 2016"]
[Site "Vale GCI"]
[Date "2016.10.22"]
[Round "7"]
[White "Lehmann, Stefan"]
[Black "Thurlow, Kevin J"]
[Result "0-1"]
[WhiteElo "1970"]
[BlackElo "1974"]
[PlyCount "70"]
[EventDate "2016.10.16"]
[EventType "swiss"]
[EventRounds "7"]
[EventCountry "GCI"]

1. e4 c5 2. Na3 g6 3. c3 Bg7 4. f4 Nc6 5. Nf3 d6 6. Bb5 Bd7 7. d3 a6 8. Bxc6
Bxc6 9. O-O Nf6 10. Qe1 b5 11. e5 Nd5 12. Nc2 e6 13. d4 c4 14. b3 cxb3 15. axb3
Bb7 16. c4 bxc4 17. bxc4 Nb6 18. Rb1 Bxf3 19. Rxf3 Nxc4 20. f5 gxf5 21. Qg3 Bf8
22. exd6 Nxd6 23. Ba3 Nc4 24. Bxf8 Rxf8 25. Rc3 Nd6 26. Rc6 Nb5 27. Re1 Qd5 28.
Rc5 Qd6 29. Qf3 Rd8 30. Rxf5 Nxd4 31. Nxd4 Qxd4+ 32. Kh1 Rd6 33. Qb7 Qb6 34.
Qc8+ Ke7 35. Rxf7+ Rxf7 0-1